000 00680nam a2200217Ia 4500
003 IN-BaIIA
008 211028s9999 xx 000 0 eng d
020 _a0-07-135609-6
040 _cIIA Library
080 _a621.01(026)
100 _aHicks, T. G.
_928598
245 0 _aMechanical engineering formulas
_bpocket guide
_cT. G. Hicks
250 _a5th ed.
260 _aNewYork
_bMcGraw-Hill
_c2003
300 _aviii, 290p
650 _aEngineering Formulas
_928599
650 _amechanical engineering
_9667
650 _aReference data
_928600
650 _aThermodynamical Formulas
_928601
942 _cBK
999 _c15492
_d15492